| 000 | 00423nam a22001697a 4500 | ||
|---|---|---|---|
| 999 |
_c523890 _d523890 |
||
| 003 | NUST | ||
| 038 | _awaseem | ||
| 082 |
_a891.439303 _bZAH |
||
| 100 |
_aZaheer, Sajjad _914710 |
||
| 245 |
_aRoshanahi / _cSajjad Zaheer |
||
| 260 |
_aKarachi : _bMaktiba Danyal, _c1986. |
||
| 300 | _a416 p. ; | ||
| 500 | _aHardcover. | ||
| 880 |
_6100-02\r _aسجاد ظہیر |
||
| 880 |
_6245-02\r _aروشنائی / |
||
| 942 |
_2ddc _cBK |
||